Sugar Lyrics (System of a Down) - Statistics

General Stats
  • This quiz has been taken 95 times
  • The average score is 25 of 33
Answer Stats
Lyrics % Correct
Where I really wanna {be}
96%
The kombucha {mushroom} {people}, sitting around all day
95%
Who can {believe} you?
94%
{Sugar}
92%
Let your mother {pray}
91%
It's cute, it's small, fits right in my {pocket}
84%
No {lights}, no {music}
84%
Yeah, right in my {pocket}
84%
With a bullet called {life}
82%
Yeah, mama, called {life}
82%
But I'm feeling {better}
81%
I play {Russian} {Roulette} every day, a man's sport
81%
I've killed {everyone}
81%
And then, ooh {baby}, she's okay
80%
How do I {feel}? What do I {say}?
80%
Fuck you, {it} {all} {goes} {away}
78%
In the end, {it} {all} {goes} {away}
78%
I'm away {forever}
77%
Some people, some people, some people call it {insane}
76%
Yeah they call it {insane}
76%
And I just fucking {kick} {her}
75%
Just {anger}
75%
Cause I'm already {there}
73%
It's already {where} I am
73%
I sit in my {desolate} room
71%
I got a gun {the} {other} {day} from Sako
65%
My girl, you know, she {lashes} {out} at me sometimes
62%
I'm not there {all} {the} {time}, you know
61%
Tryna push my face to the {ground}
57%
My {brains}
54%
Where all they do is suck out my motherfucking {brains}
54%
Yeah, and every time I {try} {to} {go}
52%
People are always chasing me {down}
44%
No matching quizzes found
Score Distribution
Percent of People with Each Score
Percentile by Number Answered
Your Score History
You have not taken this quiz